Normal view MARC view

Entry Personal Name

Number of records used in: 3

001 - CONTROL NUMBER

  • control field: 1237479

003 - CONTROL NUMBER IDENTIFIER

  • control field: OSt

005 - DATE AND TIME OF LATEST TRANSACTION

  • control field: 20260430150428.0

008 - FIXED-LENGTH DATA ELEMENTS

  • fixed length control field: 260430|| aca||aabn | a|a d

040 ## - CATALOGING SOURCE

  • Original cataloging agency: OSt
  • Transcribing agency: OSt

100 ## - HEADING--PERSONAL NAME

  • Personal name: University of Delhi. Faculty of Science. Deptt.of Botany

670 ## - SOURCE DATA FOUND

  • Source citation: Work cat.: (OSt)1849758: Satya Prakash Au.; Deswal Renu Gu. 1237478, Analysis of Gold Nanoparticle Protein Corona of Brassica Juncea to Understand Nano-Bio Interactions: A Step towards Sustainable Phytonanotechnology, 2022
Copyright @ Delhi University Library System